Studie: Finance by měly odpovídat za řízení výkonnosti
Dvanásť zásad prvotriedneho systému riadenia výkonnosti. Integrovaný manažérsky reporting. Užívateľsky prívetivé riadiace panely. Analýza podniku v reálnom čase. Financie ako tvorca pridanej hodnoty. Cieľ systému riadenia výkonnosti - vytvárať Business intelligence.
Na minha lista:
| Autor principal: | |
|---|---|
| Formato: | Capítulo de Livro |
| Idioma: | tcheco |
| Assuntos: | |
| Tags: |
Sem tags, seja o primeiro a adicionar uma tag!
|
MARC
| LEADER | 00000naa a2200000 4500 | ||
|---|---|---|---|
| 001 | 0200199 | ||
| 005 | 20231211122239.2 | ||
| 041 | 0 | |a cze | |
| 044 | |a CZ | ||
| 245 | 1 | 0 | |a Studie: Finance by měly odpovídat za řízení výkonnosti |c Jan Přikryl |
| 520 | |a Dvanásť zásad prvotriedneho systému riadenia výkonnosti. Integrovaný manažérsky reporting. Užívateľsky prívetivé riadiace panely. Analýza podniku v reálnom čase. Financie ako tvorca pridanej hodnoty. Cieľ systému riadenia výkonnosti - vytvárať Business intelligence. | ||
| 610 | 2 | 0 | |a výkonnosť podniku |
| 610 | 2 | 0 | |a riadenie |
| 610 | 2 | 0 | |a financie |
| 610 | 2 | 0 | |a business intelligence |
| 610 | 2 | 0 | |a dáta |
| 610 | 2 | 0 | |a výkazníctvo finančné |
| 100 | 1 | |a Přikryl, Jan | |